00553cam a22002057a 4500003000500000005001700005008004100022010001000063011001000073035001000083040000900093082001400102100002200116245003200138260003400170300001100204490005000215650003200265830005000297CHAP20220817042004.0971013s1974 ag r 00010 spa d a31001 a31973 a36085 cCHAP04a027.7bL500aLitton, Gastón.13aLa biblioteca universitaria aBuenos Aires :bBowker,c1974 a205 p. 0aBreviarios del bibliotecario. 2a. seriev; 1714aBibliotecas universitarias.0 aBreviarios del bibliotecario. 2a. seriev; 17